Zákon o bankách

Úplné znenie zákona z 20. 12. 1991 č.21/1992 Zb. o bankách, ako vyplýva zo zmien a doplnení vykonaných zákonom č. 264/1992 Zb., zákonom NR SR č. 249/1994 Z.z., zákonom NR SR č. 374/1994 Z.z., zákonom NR SR č. 58/1995 Z.z., zákonom NR SR č. 233/1995 Z.z. a zákonom NR SR z 31.1.1996.

Saved in:
Bibliographic Details
Format: Book Chapter
Language:Slovak
Subjects:
Tags: Add Tag
No Tags, Be the first to tag this record!

MARC

LEADER 00000naa a2200000 4500
001 r019978
005 20230921074334.6
041 0 |a slo 
044 |a SK 
245 1 0 |a Zákon o bankách 
520 |a Úplné znenie zákona z 20. 12. 1991 č.21/1992 Zb. o bankách, ako vyplýva zo zmien a doplnení vykonaných zákonom č. 264/1992 Zb., zákonom NR SR č. 249/1994 Z.z., zákonom NR SR č. 374/1994 Z.z., zákonom NR SR č. 58/1995 Z.z., zákonom NR SR č. 233/1995 Z.z. a zákonom NR SR z 31.1.1996. 
610 2 0 |a Slovensko 
610 2 0 |a zákony 
610 2 0 |a banky 
610 2 0 |a NR SR Bratislava 
610 2 0 |a 1991-1996